[Event "CYCC U10"]
[Site "Hamilton CAN"]
[Date "2022.07.11"]
[Round "7.13"]
[White "Chen, Tymon"]
[Black "Yang, Nathan"]
[Result "1/2-1/2"]
[WhiteElo "647"]
[BlackElo "1169"]
[PlyCount "70"]
[EventDate "2022.07.08"]
[EventType "swiss"]
[EventRounds "7"]
[EventCountry "CAN"]

1. c4 c5 2. Nf3 e6 3. d4 b6 4. Bf4 Bb7 5. e3 h6 6. h4 Nf6 7. Nc3 d5 8. Nb5 Na6
9. Be2 cxd4 10. exd4 Bb4+ 11. Nc3 Ne4 12. Bd2 Nxd2 13. Qxd2 Rc8 14. Ne5 Bd6 15.
b3 dxc4 16. bxc4 Bxe5 17. dxe5 Qxd2+ 18. Kxd2 O-O 19. Rhg1 Nc5 20. Nb5 Ne4+ 21.
Ke3 Rfd8 22. Bd3 Nc5 23. Rad1 Ba6 24. Nxa7 Rc7 25. Nb5 Bxb5 26. cxb5 Rcd7 27.
Be2 Rd5 28. Rxd5 Rxd5 29. f4 Nb7 30. Bf3 Rd7 31. Bc6 Rc7 32. g4 Na5 33. Rc1 Kf8
34. f5 Ke7 35. fxe6 fxe6 1/2-1/2

[Event "CYCC U10"]
[Site "Hamilton CAN"]
[Date "2022.07.11"]
[Round "7.14"]
[White "Su, Jayden"]
[Black "Mohanty, Samanyu"]
[Result "1-0"]
[WhiteElo "1267"]
[BlackElo "903"]
[PlyCount "93"]
[EventDate "2022.07.08"]
[EventType "swiss"]
[EventRounds "7"]
[EventCountry "CAN"]

1. e4 c5 2. Nf3 Nf6 3. Nc3 e5 4. Nxe5 Qe7 5. Nf3 Nxe4 6. Nxe4 Qxe4+ 7. Qe2
Qxe2+ 8. Bxe2 g6 9. O-O Bg7 10. c3 O-O 11. Bc4 Nc6 12. d3 d6 13. Bf4 Be5 14.
Nxe5 Nxe5 15. Bxe5 dxe5 16. Rfe1 Re8 17. f4 Bf5 18. Rxe5 Rxe5 19. fxe5 Kg7 20.
d4 cxd4 21. cxd4 Be6 22. b3 Rd8 23. Rd1 Bd5 24. Kf2 f5 25. g3 h5 26. h4 Kh6 27.
Ke3 Bxc4 28. bxc4 g5 29. d5 gxh4 30. gxh4 Kg6 31. Kf4 Rc8 32. Rd4 Re8 33. d6
Rd8 34. c5 Re8 35. d7 Rd8 36. Rd6+ Kg7 37. Kxf5 Kf7 38. e6+ Ke7 39. Ke5 b5 40.
cxb6 axb6 41. Rxb6 Kf8 42. Kd6 Kg8 43. e7 Rxd7+ 44. Kxd7 Kh8 45. e8=R+ Kh7 46.
Re7+ Kh8 47. Rb8# 1-0

[Event "CYCC U10"]
[Site "Hamilton CAN"]
[Date "2022.07.11"]
[Round "7.16"]
[White "Lee, Daniel"]
[Black "Yang, Jayden"]
[Result "0-1"]
[WhiteElo "873"]
[BlackElo "1071"]
[PlyCount "114"]
[EventDate "2022.07.08"]
[EventType "swiss"]
[EventRounds "7"]
[EventCountry "CAN"]

1. e4 c5 2. Nf3 d6 3. d4 cxd4 4. Nxd4 Nf6 5. Nc3 Nc6 6. Bb5 Bd7 7. Be3 e6 8.
Qd2 a6 9. Be2 Be7 10. f4 b5 11. a4 b4 12. Na2 Nxe4 13. Nxc6 Bxc6 14. Qxb4 d5
15. Qb6 Qxb6 16. Bxb6 Rb8 17. Bd4 Bxa4 18. Nc3 Nxc3 19. Bxc3 Bxc2 20. Rxa6 O-O
21. O-O Be4 22. Rfa1 Bc5+ 23. Kf1 d4 24. Be1 Rxb2 25. R6a4 Bxg2+ 26. Kxg2 Rxe2+
27. Kg3 d3 28. Rd1 Rd8 29. Bd2 h6 30. h3 Be3 31. Bxe3 Rxe3+ 32. Kf2 Rxh3 33.
Ra3 Kh7 34. Kg2 Re3 35. Kf2 Re4 36. Kf3 Red4 37. Rd2 Kg6 38. Ke3 Kf5 39. Ra7
Re4+ 40. Kf3 Rxf4+ 41. Ke3 Ke5 42. Ra5+ Rd5 43. Rxd5+ exd5 44. Rxd3 Re4+ 45.
Kf3 f5 46. Rd2 g5 47. Rh2 g4+ 48. Kf2 Rf4+ 49. Kg2 d4 50. Kg1 d3 51. Rd2 Rd4
52. Kg2 Kf4 53. Rf2+ Ke4 54. Kf1 d2 55. Kg2 d1=R 56. Kg3 R4d3+ 57. Kh4 Rh3# 0-1

[Event "CYCC U10"]
[Site "Hamilton CAN"]
[Date "2022.07.11"]
[Round "7.17"]
[White "Garayev, Emil"]
[Black "Wang, William"]
[Result "0-1"]
[WhiteElo "911"]
[BlackElo "895"]
[PlyCount "92"]
[EventDate "2022.07.08"]
[EventType "swiss"]
[EventRounds "7"]
[EventCountry "CAN"]

1. e4 e5 2. Nf3 Nc6 3. Bc4 Nf6 4. Nc3 Nxe4 5. O-O Nxc3 6. dxc3 h6 7. Re1 d6 8.
Qd3 Be7 9. Qe4 Be6 10. Bb5 Bd7 11. Bd2 O-O 12. Bd3 f5 13. Qd5+ Kh8 14. Bc4 e4
15. Nd4 Nxd4 16. Qxd4 Bf6 17. Qe3 Bg5 18. Qe2 Bxd2 19. Qxd2 Qe7 20. f3 Rae8 21.
fxe4 fxe4 22. Re3 Qg5 23. Rae1 a6 24. Bb3 Re7 25. Qd4 Qf5 26. R3e2 Rfe8 27. Bd5
c5 28. Qe3 Qxd5 29. b3 Bg4 30. Rf2 Rf7 31. Rd2 Qc6 32. Qg3 Bf5 33. Rxd6 Qc8 34.
Rf1 Ref8 35. Qe5 c4 36. Rxh6+ Kg8 37. Rh5 cxb3 38. cxb3 Bg6 39. Rxf7 Bxf7 40.
Rg5 g6 41. Rg3 Re8 42. Qf6 Qc5+ 43. Kh1 Re6 44. Qg5 Qxg5 45. Rxg5 e3 46. Kg1 e2
0-1

[Event "CYCC U10"]
[Site "Hamilton CAN"]
[Date "2022.07.11"]
[Round "7.18"]
[White "Ye, Oliver"]
[Black "Buitelaar, Jake"]
[Result "1/2-1/2"]
[WhiteElo "999"]
[BlackElo "886"]
[PlyCount "41"]
[EventDate "2022.07.08"]
[EventType "swiss"]
[EventRounds "7"]
[EventCountry "CAN"]

1. e4 e5 2. Nf3 Nc6 3. Nc3 Nf6 4. Bc4 Bc5 5. O-O O-O 6. d3 d6 7. h3 h6 8. Be3
Bb6 9. Bxb6 axb6 10. a3 Re8 11. Nd5 Nxd5 12. Bxd5 Nd4 13. Nxd4 exd4 14. Qf3 Rf8
15. Rfe1 c6 16. Bb3 Be6 17. Ba2 Ra5 18. Bb3 Qd7 19. Bc4 Rg5 20. Kf1 b5 21. Bb3
1/2-1/2

[Event "CYCC U10"]
[Site "Hamilton CAN"]
[Date "2022.07.11"]
[Round "7.19"]
[White "Chua, Zachary"]
[Black "Zhan, Jayden"]
[Result "0-1"]
[WhiteElo "861"]
[BlackElo "982"]
[PlyCount "56"]
[EventDate "2022.07.08"]
[EventType "swiss"]
[EventRounds "7"]
[EventCountry "CAN"]

1. e4 c5 2. Nf3 e6 3. c3 d6 4. d4 cxd4 5. cxd4 a6 6. Bd3 Nf6 7. Bg5 Be7 8. O-O
O-O 9. Nc3 b5 10. b4 Bb7 11. Qc2 h6 12. Be3 Nbd7 13. a4 a5 14. bxa5 bxa4 15.
Qxa4 Rc8 16. Bd2 e5 17. d5 Nc5 18. Qc2 Ra8 19. Ne2 Nxd3 20. Qxd3 Ba6 21. Qe3
Ng4 22. Qa3 Bxe2 23. h3 Bxf1 24. Kxf1 Nf6 25. Bxh6 gxh6 26. Qe3 Kh7 27. Ng5+
hxg5 28. Qxg5 Rg8 0-1

[Event "CYCC U10"]
[Site "Hamilton CAN"]
[Date "2022.07.11"]
[Round "7.20"]
[White "Zhang, Nathan"]
[Black "Moses, Niam"]
[Result "1-0"]
[WhiteElo "813"]
[BlackElo "946"]
[PlyCount "63"]
[EventDate "2022.07.08"]
[EventType "swiss"]
[EventRounds "7"]
[EventCountry "CAN"]

1. e4 e5 2. Nf3 Nc6 3. Bc4 Nf6 4. O-O Bc5 5. c3 Nxe4 6. d3 Nf6 7. d4 exd4 8.
Re1+ Ne7 9. cxd4 Bb4 10. Nc3 O-O 11. a3 Bxc3 12. bxc3 d5 13. Bb3 Bf5 14. Qe2
Re8 15. Bg5 Ne4 16. Nh4 Nxg5 17. Qh5 h6 18. c4 Bg6 19. Nxg6 fxg6 20. Qg4 Qc8
21. Qg3 Kh7 22. cxd5 Nf5 23. Rxe8 Nxg3 24. Rxc8 Rxc8 25. fxg3 Rd8 26. Rd1 Ne4
27. Re1 Nc3 28. Re5 Nb5 29. Bc2 Nxa3 30. Bd3 Rd7 31. Re6 Rxd5 32. Bxg6+ 1-0

[Event "CYCC U10"]
[Site "Hamilton CAN"]
[Date "2022.07.11"]
[Round "7.21"]
[White "Maslov, Yan"]
[Black "Grosman, Noah"]
[Result "1-0"]
[WhiteElo "792"]
[BlackElo "944"]
[PlyCount "76"]
[EventDate "2022.07.08"]
[EventType "swiss"]
[EventRounds "7"]
[EventCountry "CAN"]

1. e4 e5 2. Nf3 Nf6 3. Nc3 Nc6 4. Bb5 Bc5 5. Nxe5 Nxe5 6. d4 Nc6 7. dxc5 a6 8.
Bxc6 dxc6 9. Qxd8+ Kxd8 10. Bg5 h6 11. O-O-O+ Ke7 12. Bf4 Be6 13. Bxc7 Rac8 14.
Bd6+ Ke8 15. e5 Nd5 16. Nxd5 Bxd5 17. Rhg1 Kd7 18. g3 Rhe8 19. b3 a5 20. c4 Be6
21. a3 a4 22. Kb2 axb3 23. Kxb3 h5 24. a4 g6 25. a5 h4 26. Rh1 h3 27. Ra1 Ra8
28. Kc3 Kd8 29. Rhb1 Bc8 30. a6 Rxa6 31. Rxa6 bxa6 32. Rb8 Kd7 33. f4 a5 34. g4
Rh8 35. f5 gxf5 36. gxf5 Rg8 37. e6+ fxe6 38. fxe6+ Kxe6 {unreadable} 1-0

[Event "CYCC U10"]
[Site "Hamilton CAN"]
[Date "2022.07.11"]
[Round "7.23"]
[White "Shen, Denis"]
[Black "Chan, Bryan"]
[Result "0-1"]
[WhiteElo "798"]
[BlackElo "869"]
[PlyCount "100"]
[EventDate "2022.07.08"]
[EventType "swiss"]
[EventRounds "7"]
[EventCountry "CAN"]

1. e4 e5 2. Nf3 Nc6 3. Bc4 Bc5 4. Nc3 d6 5. h3 Nf6 6. d3 h6 7. O-O O-O 8. Nd5
Nxd5 9. Bxd5 Re8 10. a3 Be6 11. b4 Bb6 12. c4 Bxd5 13. cxd5 Nd4 14. Bb2 Nxf3+
15. Qxf3 c6 16. dxc6 bxc6 17. Qg3 Qf6 18. Rac1 c5 19. bxc5 Bxc5 20. Rcd1 Rab8
21. Bc3 Bxa3 22. d4 Bb2 23. dxe5 dxe5 24. Bxb2 Rxb2 25. f4 exf4 26. Rxf4 Qb6+
27. Kh1 Rb1 28. Rff1 Rxd1 29. Rxd1 Rxe4 30. Qd3 Qe6 31. Qd8+ Qe8 32. Qa5 Qe7
33. Rd8+ Kh7 34. Rd1 Re5 35. Qc3 a5 36. Ra1 Qc5 37. Qd3+ f5 38. g4 Qd5+ 39.
Qxd5 Rxd5 40. gxf5 Rxf5 41. Kg2 Kg6 42. Kg3 Kf6 43. Kg4 g6 44. Kg3 Kg5 45. Re1
h5 46. h4+ Kh6 47. Ra1 Kg7 48. Ra4 Kf6 49. Rc4 Ke7 50. Ra4 Kd6 0-1

[Event "CYCC U10"]
[Site "Hamilton CAN"]
[Date "2022.07.11"]
[Round "7.26"]
[White "Tsukerman, Leon"]
[Black "Sun, Erik"]
[Result "0-1"]
[WhiteElo "593"]
[BlackElo "853"]
[PlyCount "44"]
[EventDate "2022.07.08"]
[EventType "swiss"]
[EventRounds "7"]
[EventCountry "CAN"]

1. e4 e5 2. Nf3 Nc6 3. Bb5 Nd4 4. Nxd4 exd4 5. c3 Qg5 6. O-O Qxb5 7. cxd4 Nf6
8. e5 Nd5 9. Nc3 Nxc3 10. dxc3 d6 11. Qe2 Qxe2 12. exd6 Bxd6 13. Bg5 O-O 14.
Rfe1 Qh5 15. Bd2 Qxh2+ 16. Kf1 Bg4 17. f3 Qh1+ 18. Ke2 Qxg2+ 19. Kd1 Bxf3+ 20.
Kc1 Qg3 21. Re3 Bf4 22. Rd3 Qg1+ 0-1

[Event "CYCC U10"]
[Site "Hamilton CAN"]
[Date "2022.07.11"]
[Round "7.28"]
[White "Shah, Ameya"]
[Black "Sriramulu, Krithik"]
[Result "1/2-1/2"]
[WhiteElo "535"]
[BlackElo "937"]
[PlyCount "74"]
[EventDate "2022.07.08"]
[EventType "swiss"]
[EventRounds "7"]
[EventCountry "CAN"]

1. c4 e6 2. g3 c5 3. Bg2 Nf6 4. e4 Nc6 5. Nc3 Be7 6. Nf3 e5 7. O-O O-O 8. d3 d6
9. h3 Nd4 10. Nxd4 cxd4 11. Nd5 Nxd5 12. cxd5 b6 13. b3 h6 14. Bb2 f5 15. exf5
Bxf5 16. g4 Bh7 17. Re1 Rb8 18. Be4 Bxe4 19. Rxe4 Bh4 20. Re2 Qf6 21. Qf1 Qf7
22. Ba3 Qxd5 23. Qg2 Qxg2+ 24. Kxg2 Rbd8 25. Rc1 Rf7 26. f3 Bg5 27. Rcc2 Be3
28. Bc1 Bxc1 29. Rxc1 g6 30. Rec2 Rdd7 31. Rc8+ Kh7 32. Kg3 h5 33. gxh5 gxh5
34. h4 Rg7+ 35. Kf2 Rg8 36. R8c7 Rgg7 37. Rxd7 Rxd7 1/2-1/2

[Event "CYCC U10 w"]
[Site "Hamilton CAN"]
[Date "2022.07.08"]
[Round "1.1"]
[White "Zhang, Michelle"]
[Black "Li, Yeeshuen"]
[Result "1-0"]
[WhiteElo "1756"]
[BlackElo "954"]
[PlyCount "79"]
[EventDate "2022.07.08"]
[EventType "swiss"]
[EventRounds "7"]
[EventCountry "CAN"]

1. e4 e5 2. Nf3 Nc6 3. Bc4 Bc5 4. d3 d6 5. h3 Na5 6. Bb3 Nxb3 7. axb3 Nf6 8.
Nc3 c6 9. O-O O-O 10. Bd2 h6 11. Na4 Nd7 12. Nxc5 Nxc5 13. Be3 Nd7 14. d4 f5
15. exf5 Rxf5 16. g4 Rf8 17. dxe5 dxe5 18. Qe2 b6 19. Qc4+ Kh8 20. Qxc6 Qe7 21.
Qxa8 e4 22. Nd2 Qh4 23. Qxe4 Nf6 24. Qg2 Nxg4 25. hxg4 Bxg4 26. Ra4 h5 27. f3
Qe7 28. Re4 Bxf3 29. Rxe7 Bxg2 30. Rxf8+ Kh7 31. Kxg2 Kg6 32. Rxa7 Kh7 33. Bxb6
Kg6 34. c4 Kh7 35. c5 Kg6 36. c6 Kh7 37. c7 Kg6 38. c8=Q Kg5 39. Rxg7+ Kh4 40.
Qh3# 1-0

[Event "CYCC U10 w"]
[Site "Hamilton CAN"]
[Date "2022.07.08"]
[Round "1.2"]
[White "Xiao, Stephanie"]
[Black "Chen, Shuang"]
[Result "0-1"]
[WhiteElo "949"]
[BlackElo "1443"]
[PlyCount "38"]
[EventDate "2022.07.08"]
[EventType "swiss"]
[EventRounds "7"]
[EventCountry "CAN"]

1. e4 d5 2. exd5 Qxd5 3. Nc3 Qa5 4. Nf3 Nf6 5. d4 c6 6. Bd2 Bf5 7. Ne4 Qc7 8.
Nxf6+ exf6 9. Qe2+ Be7 10. O-O-O O-O 11. Nh4 Be6 12. Qe4 Bxa2 13. Bd3 g6 14.
Rde1 Be6 15. Bh6 Rd8 16. f4 f5 17. Nxf5 gxf5 18. Qf3 Kh8 19. Rhg1 Rg8 0-1

[Event "CYCC U10 w"]
[Site "Hamilton CAN"]
[Date "2022.07.08"]
[Round "1.3"]
[White "Qian, Ashley"]
[Black "Guo, Lynette"]
[Result "1-0"]
[WhiteElo "1413"]
[BlackElo "773"]
[PlyCount "43"]
[EventDate "2022.07.08"]
[EventType "swiss"]
[EventRounds "7"]
[EventCountry "CAN"]

1. e4 e5 2. Nf3 Nc6 3. d4 exd4 4. Nxd4 Bc5 5. Be3 Qf6 6. c3 d6 7. Bc4 Nge7 8.
O-O O-O 9. Nxc6 Nxc6 10. Bxc5 dxc5 11. Qc2 Ne5 12. Be2 Qg6 13. Kh1 b6 14. Nd2
Bb7 15. f3 Kh8 16. Rad1 f5 17. exf5 Rxf5 18. Ne4 Rh5 19. Qd2 h6 20. Bd3 Bxe4
21. Bxe4 Qg3 22. Qd8+ 1-0

[Event "CYCC U10 w"]
[Site "Hamilton CAN"]
[Date "2022.07.08"]
[Round "1.4"]
[White "Zeng, Chloe"]
[Black "Zhao, Erin"]
[Result "0-1"]
[WhiteElo "661"]
[BlackElo "1384"]
[PlyCount "52"]
[EventDate "2022.07.08"]
[EventType "swiss"]
[EventRounds "7"]
[EventCountry "CAN"]

1. d4 d5 2. Nc3 Nf6 3. Nf3 c5 4. dxc5 e6 5. Bf4 Bxc5 6. e3 a6 7. Bd3 O-O 8. O-O
Nc6 9. Ne5 Bd6 10. Nxc6 bxc6 11. Bxd6 Qxd6 12. Qf3 Bb7 13. e4 e5 14. Rfe1 Rfe8
15. exd5 cxd5 16. Rad1 Rad8 17. Re3 Qc7 18. Qf5 e4 19. Be2 d4 20. Rh3 dxc3 21.
Rb1 cxb2 22. Rxb2 Rd2 23. Bh5 Nxh5 24. Qxh5 h6 25. Rg3 Qe5 26. Qxe5 Rd1# 0-1

[Event "CYCC U10 w"]
[Site "Hamilton CAN"]
[Date "2022.07.08"]
[Round "2.1"]
[White "Zhao, Erin"]
[Black "Zhang, Michelle"]
[Result "0-1"]
[WhiteElo "1384"]
[BlackElo "1756"]
[PlyCount "90"]
[EventDate "2022.07.08"]
[EventType "swiss"]
[EventRounds "7"]
[EventCountry "CAN"]

1. e4 e6 2. d4 d5 3. exd5 exd5 4. Nf3 Nf6 5. Bd3 Bd6 6. O-O O-O 7. Re1 h6 8. c3
Bg4 9. h3 Bxf3 10. Qxf3 c6 11. Bf4 Bxf4 12. Qxf4 Nbd7 13. Nd2 Qb8 14. Qxb8
Raxb8 15. Re7 Rfe8 16. Rae1 Rxe7 17. Rxe7 Kf8 18. Re3 b5 19. Nb3 Nb6 20. Re2
Re8 21. Na5 Rc8 22. Nb3 Nc4 23. Bxc4 dxc4 24. Nc5 a5 25. a4 Nd5 26. Rc2 Ke7 27.
b3 cxb3 28. Nxb3 bxa4 29. Nxa5 c5 30. Rb2 Nxc3 31. Rb7+ Kf6 32. Rb6+ Kf5 33.
Nc4 Kg5 34. g3 f6 35. f4+ Kg6 36. f5+ Kh7 37. Nd6 Ra8 38. Nb5 Nxb5 39. Rxb5 c4
40. Rc5 a3 41. Rxc4 a2 42. Rc1 a1=Q 43. Rxa1 Rxa1+ 44. Kf2 Kg8 45. Ke3 Kf8 0-1

[Event "CYCC U10 w"]
[Site "Hamilton CAN"]
[Date "2022.07.08"]
[Round "2.2"]
[White "Chen, Shuang"]
[Black "Wang, April"]
[Result "1-0"]
[WhiteElo "1443"]
[BlackElo "1119"]
[PlyCount "65"]
[EventDate "2022.07.08"]
[EventType "swiss"]
[EventRounds "7"]
[EventCountry "CAN"]

1. d4 d5 2. Bf4 c5 3. e3 Nc6 4. Nf3 Bg4 5. c3 Nf6 6. Nbd2 e6 7. Qb3 Qd7 8. Bb5
Rc8 9. Ne5 Qd8 10. c4 dxc4 11. Ndxc4 cxd4 12. Qa4 dxe3 13. fxe3 Bc5 14. Bxc6+
bxc6 15. Nxc6 Rxc6 16. Qxc6+ Nd7 17. Ne5 Bb4+ 18. Kf2 Bh5 19. Rac1 Ba5 20. g4
Bg6 21. Rhd1 Qh4+ 22. Kg2 Qe7 23. Nxd7 Bd8 24. Ne5+ Kf8 25. Qa8 Be4+ 26. Qxe4
f6 27. Nc6 Qb7 28. Rxd8+ Kf7 29. Ne5+ fxe5 30. Qxb7+ Kg6 31. Rxh8 exf4 32. exf4
e5 33. Rc6# 1-0

[Event "CYCC U10 w"]
[Site "Hamilton CAN"]
[Date "2022.07.08"]
[Round "2.4"]
[White "Li, Yeeshuen"]
[Black "Zeng, Chloe"]
[Result "1-0"]
[WhiteElo "954"]
[BlackElo "661"]
[PlyCount "63"]
[EventDate "2022.07.08"]
[EventType "swiss"]
[EventRounds "7"]
[EventCountry "CAN"]

1. e4 e5 2. Nf3 Nc6 3. Bc4 Bc5 4. Nc3 Nf6 5. d3 d6 6. Na4 Bb6 7. Nxb6 axb6 8.
c3 h6 9. a3 O-O 10. h3 Be6 11. Bxe6 fxe6 12. O-O Qd7 13. Nh2 Rfe8 14. Ng4 Qe7
15. f4 Rf8 16. fxe5 dxe5 17. Rf3 Nxg4 18. Rxf8+ Qxf8 19. Qxg4 Qf7 20. Bxh6 Kf8
21. Be3 Rd8 22. Rf1 Qxf1+ 23. Kxf1 Ke8 24. Qxe6+ Ne7 25. Bg5 Rd7 26. Qxe5 Kd8
27. Qxg7 Ke8 28. Bxe7 Rxe7 29. Qg6+ Rf7+ 30. Ke2 Ke7 31. e5 Rf4 32. Qg5+ 1-0

[Event "CYCC U10 w"]
[Site "Hamilton CAN"]
[Date "2022.07.08"]
[Round "2.5"]
[White "Guo, Lynette"]
[Black "Xiao, Stephanie"]
[Result "0-1"]
[WhiteElo "773"]
[BlackElo "949"]
[PlyCount "42"]
[EventDate "2022.07.08"]
[EventType "swiss"]
[EventRounds "7"]
[EventCountry "CAN"]

1. e4 c5 2. Nf3 Nc6 3. d4 cxd4 4. Nxd4 Nf6 5. Nc3 e5 6. Nxc6 bxc6 7. Bc4 Bb4 8.
Bd3 d5 9. Qe2 d4 10. Bd2 dxc3 11. Bxc3 Bxc3+ 12. bxc3 O-O 13. O-O Be6 14. Rfd1
c5 15. Bb5 Qc7 16. a3 c4 17. Rab1 Qc5 18. Rb4 Bg4 19. Qd2 Bxd1 20. Qxd1 Rab8
21. Qb1 Nxe4 0-1

[Event "CYCC U10 w"]
[Site "Hamilton CAN"]
[Date "2022.07.09"]
[Round "3.1"]
[White "Zhang, Michelle"]
[Black "Chen, Shuang"]
[Result "0-1"]
[WhiteElo "1756"]
[BlackElo "1443"]
[PlyCount "68"]
[EventDate "2022.07.08"]
[EventType "swiss"]
[EventRounds "7"]
[EventCountry "CAN"]

1. e4 d5 2. exd5 Qxd5 3. Nc3 Qa5 4. Nf3 Nf6 5. Bc4 c6 6. h3 Bf5 7. O-O e6 8.
Re1 Nbd7 9. Ne2 O-O-O 10. d3 Bd6 11. a4 h6 12. Bd2 Qc7 13. b4 g5 14. b5 c5 15.
a5 g4 16. hxg4 Nxg4 17. g3 Nde5 18. Nxe5 Nxe5 19. Nf4 Bg4 20. b6 axb6 21. axb6
Qc6 22. Qb1 Nf3+ 23. Kh1 Nxd2+ 24. Bd5 exd5 25. Qa2 Bxf4 26. gxf4 d4+ 27. Re4
Nxe4 28. Qxf7 Nd6+ 29. Kh2 Nxf7 30. Ra8+ Kd7 31. Rxd8+ Rxd8 32. f5 Qf3 33. f6
Bh3 34. Kg1 Qg2# 0-1

[Event "CYCC U10 w"]
[Site "Hamilton CAN"]
[Date "2022.07.09"]
[Round "3.2"]
[White "Qian, Ashley"]
[Black "Zhao, Erin"]
[Result "0-1"]
[WhiteElo "1413"]
[BlackElo "1384"]
[PlyCount "86"]
[EventDate "2022.07.08"]
[EventType "swiss"]
[EventRounds "7"]
[EventCountry "CAN"]

1. e4 c5 2. Nf3 Nc6 3. d4 cxd4 4. Nxd4 Nf6 5. Nc3 e6 6. f3 Bb4 7. a3 Bxc3+ 8.
bxc3 d5 9. Bg5 Qa5 10. Qd2 Nd7 11. Nb5 O-O 12. Be2 a6 13. Nd6 h6 14. Bf4 Nf6
15. e5 Nh5 16. Be3 Nxe5 17. f4 Nc4 18. Nxc4 dxc4 19. Bxc4 Nf6 20. O-O Ne4 21.
Qd4 Nf6 22. Bb3 Bd7 23. Qb4 Qh5 24. h3 Bc6 25. Rf2 Ne4 26. Rff1 Rad8 27. c4 Ng3
28. Rfe1 Qg6 29. Bb6 Rd7 30. Ba4 Bxa4 31. Qxa4 Rd2 32. Be3 Rxc2 33. Rad1 Ne2+
34. Rxe2 Rxe2 35. Bf2 Qe4 36. g3 b5 37. Qxa6 bxc4 38. Rc1 Qf3 39. Qb6 c3 40.
Qd4 c2 41. Qc5 Rb8 42. Rxc2 Rb1+ 43. Kh2 Rh1# 0-1

[Event "CYCC U10 w"]
[Site "Hamilton CAN"]
[Date "2022.07.09"]
[Round "3.5"]
[White "Xiao, Stephanie"]
[Black "Zeng, Chloe"]
[Result "1-0"]
[WhiteElo "949"]
[BlackElo "661"]
[PlyCount "83"]
[EventDate "2022.07.08"]
[EventType "swiss"]
[EventRounds "7"]
[EventCountry "CAN"]

1. e4 e5 2. Nf3 Nc6 3. d4 exd4 4. Nxd4 Nxd4 5. Qxd4 Nf6 6. e5 d6 7. exf6 gxf6
8. Nc3 Qe7+ 9. Qe3 Rg8 10. Nd5 Qxe3+ 11. Bxe3 Be6 12. Nxf6+ Ke7 13. Nxg8+ Ke8
14. Nf6+ Ke7 15. Nxh7 Bg7 16. Ng5 Rd8 17. Nxe6 Kxe6 18. O-O-O Re8 19. Bc4+ Ke7
20. Rhe1 Kf8 21. Bd4 Rxe1 22. Bxg7+ Kxg7 23. Rxe1 c6 24. f4 b5 25. Bd3 Kf6 26.
g4 c5 27. g5+ Kg7 28. f5 f6 29. gxf6+ Kxf6 30. h4 c4 31. Re6+ Kf7 32. h5 cxd3
33. h6 Kg8 34. f6 Kf7 35. h7 Kxe6 36. h8=Q d5 37. cxd3 d4 38. Kd2 b4 39. Qg7 b3
40. Qe7+ Kf5 41. axb3 a5 42. f7 1-0

[Event "CYCC U10 w"]
[Site "Hamilton CAN"]
[Date "2022.07.09"]
[Round "4.1"]
[White "Chen, Shuang"]
[Black "Qian, Ashley"]
[Result "0-1"]
[WhiteElo "1443"]
[BlackElo "1413"]
[PlyCount "90"]
[EventDate "2022.07.08"]
[EventType "swiss"]
[EventRounds "7"]
[EventCountry "CAN"]

1. d4 d5 2. Bf4 Nf6 3. e3 c5 4. Nf3 Nc6 5. c3 Qb6 6. Qc2 Bf5 7. Qc1 h6 8. Nbd2
c4 9. Be2 e6 10. O-O Be7 11. Ne5 Nxe5 12. Bxe5 O-O 13. f3 Bg6 14. e4 dxe4 15.
Nxc4 Qc6 16. b3 Rac8 17. fxe4 Bxe4 18. Bf3 Bxf3 19. Rxf3 Ne4 20. Na5 Qd5 21.
Nc4 b5 22. Ne3 Qc6 23. c4 bxc4 24. Nxc4 Bd6 25. Bxd6 Nxd6 26. Rc3 Qd5 27. Rg3
Qxd4+ 28. Kh1 Ne4 29. Re3 Nf2+ 30. Kg1 Ng4 31. Qe1 Nxe3 32. Nxe3 Rc3 33. Rd1
Qxe3+ 34. Qxe3 Rxe3 35. Rd7 Rc8 36. Rxa7 Rc2 37. Kf1 Ree2 38. a4 Ra2 39. Ra8+
Kh7 40. Rc8 Rxg2 41. b4 Rxh2 42. Kg1 Rhb2 43. Rc1 Rxb4 44. Kf1 Rbxa4 45. Ke1
Ra1 0-1

[Event "CYCC U10 w"]
[Site "Hamilton CAN"]
[Date "2022.07.09"]
[Round "4.3"]
[White "Zhao, Erin"]
[Black "Xiao, Stephanie"]
[Result "1-0"]
[WhiteElo "1384"]
[BlackElo "949"]
[PlyCount "65"]
[EventDate "2022.07.08"]
[EventType "swiss"]
[EventRounds "7"]
[EventCountry "CAN"]

1. e4 c5 2. Nf3 Nc6 3. d4 cxd4 4. Nxd4 Nf6 5. Nc3 e5 6. Ndb5 d6 7. Nd5 Nxd5 8.
Qxd5 Nb4 9. Qd1 Nc6 10. Bc4 a6 11. Nc3 b5 12. Bd5 Bb7 13. a3 Be7 14. O-O O-O
15. Be3 Rb8 16. Qd2 Na5 17. Bxb7 Rxb7 18. b3 Nc6 19. Rad1 a5 20. Nd5 Rd7 21.
Rfe1 Nd4 22. Bxd4 exd4 23. Qxd4 Qc8 24. Re2 Rfd8 25. Nb6 Bf6 26. Qd3 Qc5 27.
Nxd7 Rxd7 28. Qd5 Qxa3 29. e5 Be7 30. exd6 Bf8 31. Re8 a4 32. Rxf8+ Kxf8 33.
Qa8+ 1-0

[Event "CYCC U10 w"]
[Site "Hamilton CAN"]
[Date "2022.07.09"]
[Round "4.4"]
[White "Li, Yeeshuen"]
[Black "Wang, April"]
[Result "0-1"]
[WhiteElo "954"]
[BlackElo "1119"]
[PlyCount "130"]
[EventDate "2022.07.08"]
[EventType "swiss"]
[EventRounds "7"]
[EventCountry "CAN"]

1. e4 c6 2. d4 d5 3. e5 Bf5 4. Bd3 Bg6 5. Nf3 e6 6. c3 Be7 7. Be3 Nd7 8. Bc2 c5
9. Nbd2 cxd4 10. Bxd4 Nh6 11. h3 Bxc2 12. Qxc2 Nf5 13. Qd3 a6 14. b4 Rc8 15. a3
Nxd4 16. cxd4 Nb6 17. Ke2 Qd7 18. Rac1 O-O 19. h4 Rxc1 20. Rxc1 Rc8 21. Rxc8+
Qxc8 22. Kd1 h6 23. g3 Na4 24. Qc2 Qd7 25. Nb3 Nb6 26. Nfd2 g6 27. Nc5 Bxc5 28.
bxc5 Nc8 29. Nb1 Ne7 30. Nc3 Nc6 31. Ne2 Na5 32. Qc1 h5 33. Nc3 Nc4 34. Ne4
Qa4+ 35. Qc2 Qxc2+ 36. Kxc2 dxe4 37. a4 Kf8 38. Kc3 Na5 39. Kb4 Nc6+ 40. Kc4
Ke7 41. d5 Nxe5+ 42. Kd4 Nd3 43. d6+ Kd7 44. Kxe4 Nxc5+ 45. Ke5 Nxa4 46. Kf6
Ke8 47. d7+ Kxd7 48. Kxf7 b5 49. Kxg6 b4 50. Kxh5 b3 51. g4 b2 52. g5 b1=Q 53.
g6 Qf5+ 54. Kh6 Qf6 55. h5 Ke7 56. Kh7 Qf5 57. Kg7 Qxh5 58. f4 a5 59. f5 exf5
60. Kg8 Qxg6+ 61. Kh8 Qe8+ 62. Kg7 f4 63. Kh6 Kf6 64. Kh7 Qg6+ 65. Kh8 Qg7# 0-1

[Event "CYCC U10 w"]
[Site "Hamilton CAN"]
[Date "2022.07.10"]
[Round "5.1"]
[White "Zhang, Michelle"]
[Black "Qian, Ashley"]
[Result "1-0"]
[WhiteElo "1756"]
[BlackElo "1413"]
[PlyCount "89"]
[EventDate "2022.07.08"]
[EventType "swiss"]
[EventRounds "7"]
[EventCountry "CAN"]

1. e4 c5 2. Nf3 d6 3. d4 cxd4 4. Nxd4 Nf6 5. Nc3 a6 6. Be3 e5 7. Nb3 Be7 8. Be2
Be6 9. O-O O-O 10. f4 Qc7 11. f5 Bc4 12. g4 Bxe2 13. Qxe2 Qc6 14. Qg2 Nfd7 15.
g5 Kh8 16. h4 Qc8 17. h5 Nc6 18. g6 Bf6 19. Rad1 Qc7 20. Rf3 fxg6 21. hxg6 h6
22. Qd2 Kg8 23. Qd5+ Kh8 24. Rh3 Ne7 25. Qe6 Ng8 26. Rxd6 Rad8 27. Rd3 Rfe8 28.
Qd6 Qxd6 29. Rxd6 b5 30. Rxa6 Rc8 31. Rh2 Rc4 32. Nxb5 Rxe4 33. Nd6 Rg4+ 34.
Rg2 Rxg2+ 35. Kxg2 Re7 36. Nf7+ Rxf7 37. gxf7 Ne7 38. Rd6 Nf8 39. Rd8 Kh7 40.
Rxf8 Nxf5 41. Bf2 Bh4 42. Ra8 Bxf2 43. Kxf2 Ne7 44. f8=Q Ng6 45. Qg8# 1-0

[Event "CYCC U10 w"]
[Site "Hamilton CAN"]
[Date "2022.07.10"]
[Round "5.2"]
[White "Zhao, Erin"]
[Black "Chen, Shuang"]
[Result "0-1"]
[WhiteElo "1384"]
[BlackElo "1443"]
[PlyCount "48"]
[EventDate "2022.07.08"]
[EventType "swiss"]
[EventRounds "7"]
[EventCountry "CAN"]

1. e4 d5 2. exd5 Qxd5 3. Nc3 Qa5 4. d4 Nf6 5. Nf3 c6 6. Bc4 Bf5 7. Bd2 Nbd7 8.
h3 e6 9. O-O Qc7 10. Re1 O-O-O 11. Bb3 Bd6 12. Ne2 h6 13. c4 g5 14. Rc1 g4 15.
hxg4 Nxg4 16. Nc3 Bh2+ 17. Kf1 h5 18. Nh4 Bd3+ 19. Ne2 Bg3 20. f4 Bxh4 21. d5
Bxe1 22. Qxe1 e5 23. Ba5 Bxe2+ 24. Kxe2 b6 0-1